000 00877nas a2200277 4500
001 BR9101372
003 BR-BrBNA
005 20231205092002.0
007 ta
008 230509b bl.|||p| |||| 00| 00por d
040 _aBR-BrBNA
_bpor
_cBiblioteca Nacional de Agricultura
041 _a(Pt)
072 _aF04
100 1 _aFerreyra, H.F.F.
100 1 _aAlmeida, F.A.G.
100 1 _aMartins Junior, W.
100 1 _aTieszen, L.L.
245 1 _aEfeito de fertilizacao mineral e organica no crescimento da alcachofra de Jerusalem (Helianthus tuberosus L.)irrigada com agua salina
650 _aALCACHOFRA JERUSALEM
650 _aNPK
650 _aADUBO ORGÂNICO
650 _aAGUA SALGADA
773 0 _tCiencia Agronomica (Brazil)
_xISSN 0045-6888
_g(Jun 1988), v. 19(1) p. 23-30
_wBR9101372
909 _a202311
_bLúcia
_c55
_dLúcia Elande
942 _2AGRIS
_n0
_cANA
999 _c128532
_d128532